Normal view
MARC view
Entry Personal Name
001 - CONTROL NUMBER
- control field: 82748
003 - CONTROL NUMBER IDENTIFIER
- control field: dpl
005 - DATE AND TIME OF LATEST TRANSACTION
- control field: 20250708110825.0
008 - FIXED-LENGTH DATA ELEMENTS
- fixed length control field: 250708|| aca||aabn | a|a d
040 ## - CATALOGING SOURCE
- Original cataloging agency: dpl
- Transcribing agency: dpl
100 ## - HEADING--PERSONAL NAME
- Personal name: Reddy, Srinivas S
670 ## - SOURCE DATA FOUND
- Source citation: Work cat.: (dpl)212212: Prakash, Santhi S. 82747, Introduction To Sensory Disabilities:, 2024
